000 00955cab a2200289 4500
001 ABS52186
008 090401t1995 xxu||||| |||| 00| 0 eng d
035 _a(Sirsi) u65024
041 _aeng
100 _aLeatherdale, J.
245 _aFull cost recovery and HM Land Registry
260 _c1995
350 _a0
490 _aSurveying World
_v3(2) January 1995, 24-26(3)
520 _aInterview with John Manthorpe, the Chief Land Registrar and Chief Executive of Her Majesty`s Land Registry, who sees full cost recovery as the key to low-cost land registration in England and reflects on the 1993/94 annual report.
650 _aCOMPUTERS
650 _aDOMESDAY 2000
650 _aGUARANTEE OF TITLE
650 _aLAND REGISTRATION
650 _aHM LAND REGISTRY
650 _aMANTHORPE JOHN
650 _aOPEN ACCESS
650 _aORDNANCE SURVEY MAP
690 _aPROPERTY LAW AND PRACTICE
942 _n0
948 _c04/03/1997
999 _c40526
_d40526